000 00454nam a2200181Ia 4500
005 20240528020324.0
008 240331s9999 xx 000 0 und d
020 _a8170363748
082 _bKAL
_a331.4
100 _aKalpagam, U
245 0 _aLabour and gender :
_bsurvival in urban India
250 _a1 st
260 _aNew Delhi
_bSage Publications India Pvt Ltd
_c1994
300 _a309 p .,
650 _aWomen
650 _aEconomic
942 _cL
999 _c5506
_d5506